Effect of cropping systems and terrace types on soil erosion and runoff at smallholder rubber (Record no. 57766)

MARC details
000 -LEADER
fixed length control field 00525nam a2200181Ia 4500
100 ## - MAIN ENTRY--AUTHOR NAME
Personal name Rosyid M J
245 #0 - TITLE STATEMENT
Title Effect of cropping systems and terrace types on soil erosion and runoff at smallholder rubber
260 ## - PUBLICATION, DISTRIBUTION, ETC. (IMPRINT)
Name of publisher Indonesian Journal of Natural Rubber Research
Year of publication 1995
300 ## - PHYSICAL DESCRIPTION
Number of Pages 219-222
650 ## - SUBJECT ADDED ENTRY--TOPICAL TERM
Topical Term Cropping system
650 ## - SUBJECT ADDED ENTRY--TOPICAL TERM
Topical Term Erosion
650 ## - SUBJECT ADDED ENTRY--TOPICAL TERM
Topical Term Hevea brasiliensis
650 ## - SUBJECT ADDED ENTRY--TOPICAL TERM
Topical Term Intercropping
700 ## - ADDED ENTRY--PERSONAL NAME
Personal name Thomas
700 ## - ADDED ENTRY--PERSONAL NAME
Personal name Wibawa G
942 ## - ADDED ENTRY ELEMENTS (KOHA)
Koha item type Journals
Holdings
Withdrawn status Lost status Damaged status Not for loan Home library Current library Shelving location Date acquired Serial Enumeration / chronology Koha item type
      Journals RRII Library RRII Library Soils and agonomy 17/12/2021 Volume 13, Issue 3 Journals